| 000 | 00552nam a2200193 4500 | ||
|---|---|---|---|
| 001 | 113235 | ||
| 003 | ES-MaACL | ||
| 007 | t| | ||
| 008 | 061121s1953 sp r ||||1| spa d | ||
| 100 | 1 |
_aNurnberg, Walter. _986241 |
|
| 245 | 1 | 0 |
_aRetratos bellos con luz artificial _b: (glamour) / _cWalter Nurnberg. |
| 250 | _a1ª ed. | ||
| 260 |
_aBarcelona : _bOmega, _c1953. |
||
| 300 |
_a63 p., 8 lám. : _bil. ; _c16 cm. |
||
| 490 | 1 | _aFoto biblioteca | |
| 830 | 0 |
_aFoto biblioteca _9181378 |
|
| 852 |
_aES-MaACL _jC-6169 _bR.35380 |
||
| 999 |
_c113235 _d113235 |
||